000 00693nam a2200241Ia 4500
003 OSt
005 20241129140741.0
008 210716s2005 xx 000 0 und d
020 _a8189410008
040 _cAIMIT LIBRARY
041 _aeng
082 _a658.56
_21
_bICFA
245 _aCase studies in operations management /
250 _a1st ed.
260 _aHyderabad :
_bICFAI centre for management research ,
_c2005.
300 _a320p. ;
_bHB
_c25.8 cm
440 _vI
500 _aVolume-I
650 _aDomino's India logistics management
_9187248
650 _aSix sigma at GE
_9187249
650 _aThe ford production system
_9187250
942 _2ddc
_cBK
_e1st
_k658.56 ICFA
999 _c199534
_d199534